000 00802nam a22002297a 4500
003 Uzh_bibl
008 260422b |||||||| |||| 00| 0 ukr d
020 _a966-7342-21-2
_c10.00
040 _bукр.
041 _2ukr
_aukr
080 _a94(477)
090 _a94 (477)
_bК 78
100 _aКраснощок,Юрій
245 _a Диявольська гра (досьє важливого, але небажаного свідка)
_hТекст
260 _aКиїв
_bВидавничий центр"ДрУк"
_c2003
300 _a528 с.
_fВ опр.
521 _aДля широкого кола читачів
546 _aукр.
650 _aЛітературно-художне видання
655 _vдокументальний детектив
942 _2udc
_cBK
999 _c17447
_d17447